| 000 | 01095nam a2200277 i 4500 | ||
|---|---|---|---|
| 001 | bg | ||
| 003 | BPK | ||
| 005 | 20220324134918.0 | ||
| 008 | 001120s1999 pl |000 0 pol | ||
| 020 |
_a839070885X _z9070885X |
||
| 040 |
_aWA N _cBPK |
||
| 080 | _a624.131 | ||
| 080 | _a929-052 | ||
| 080 | _a(038) | ||
| 110 | 2 |
_aPolski Komitet Geotechniki _eInstytucja sprawcza |
|
| 245 | 1 | 0 |
_aKto jest kim w geotechnice w Polsce : _binformator biograficzny / _c[oprac. Oddziały Regionalne Polskiego Komitetu Geotechnicznego ; red. Eugeniusz Dembicki, Zbigniew Młynarek]. |
| 260 |
_aWarszawa : _bPolski Komitet Geotechniczny, _c1999. |
||
| 300 |
_a251 s. ; _c20 cm. |
||
| 610 | 2 | 4 |
_aPolski Komitet Geotechniki _xbiografie. |
| 650 | 4 |
_aGeologia inżynierska _xbiografie _zPolska. |
|
| 655 | 4 | _aSłownik biograficzny | |
| 700 | 1 |
_aMłynarek, Zbigniew _d(1939- ) _eRedakcja |
|
| 700 | 1 |
_aDembicki, Eugeniusz _d(1929- ) _eRedakcja |
|
| 942 |
_2UKD _cKS |
||
| 856 |
_uhttp://koha.tu.koszalin.pl/cgi-bin/koha/opac-detail.pl?biblionumber=39267 _yKatalog online BPK |
||
| 999 |
_c39267 _d39267 |
||